000 00698nam a2200205Ia 4500
003 GCL
008 140319s9999 xx 000 0 ara d
040 _aGCL /
_cGCL
082 0 4 _a973
_bج د
100 1 _aجمال محمود مجر
245 1 0 _aدراسات فى التاريخ الامريكى /
_cجمال محمود مجر
300 _a499 ص
490 _aالهيئة العامة للاستعلامات
_v0
650 0 4 _aتاريخ
650 0 4 _aالولايات المتحدة الامريكية
650 0 4 _aالشرق الاوسط
650 0 4 _aالعلاقات الخارجية
650 0 4 _aالولايات المتحدة الامريكية - تاريخ
942 _2ddc
_cBK
999 _c48706
_d48706